The lineman's handbook. (Record no. 60815)

000 -LEADER
fixed length control field 00906cam a22003011 4500
001 - CONTROL NUMBER
control field 10260705
003 - CONTROL NUMBER IDENTIFIER
control field NUST-PNEC
005 - DATE AND TIME OF LATEST TRANSACTION
control field 20170116180708.0
008 - FIXED-LENGTH DATA ELEMENTS--GENERAL INFORMATION
fixed length control field 750626s1955 nyua 000 0 eng
010 ## - LIBRARY OF CONGRESS CONTROL NUMBER
LC control number 54012252
015 ## - NATIONAL BIBLIOGRAPHY NUMBER
National bibliography number GB55-15277
020 ## - INTERNATIONAL STANDARD BOOK NUMBER
International Standard Book Number 1122703015
035 ## - SYSTEM CONTROL NUMBER
System control number (OCoLC)1415430
040 ## - CATALOGING SOURCE
Transcribing agency PNEC
042 ## - AUTHENTICATION CODE
Authentication code premarc
050 00 - LIBRARY OF CONGRESS CALL NUMBER
Classification number TK3231
Item number .K8 1955
082 ## - DEWEY DECIMAL CLASSIFICATION NUMBER
Classification number 621.3 KUR
100 1# - MAIN ENTRY--PERSONAL NAME
Personal name Kurtz, Edwin Bernard,
Dates associated with a name 1894-
245 14 - TITLE STATEMENT
Title The lineman's handbook.
250 ## - EDITION STATEMENT
Edition statement 3d ed.
260 ## - PUBLICATION, DISTRIBUTION, ETC.
Place of publication, distribution, etc. New York,
Name of publisher, distributor, etc. McGraw-Hill,
Date of publication, distribution, etc. 1955.
300 ## - PHYSICAL DESCRIPTION
Extent 1 v.
Other physical details illus.
Dimensions 21 cm.
490 0# - SERIES STATEMENT
Series statement McGraw-Hill handbooks
500 ## - GENERAL NOTE
General note http://www.amazon.com/Linemans-Handbook-3rd-Edwin-Kurtz/dp/B000QA83G2/ref=sr_1_1?s=books&ie=UTF8&qid=1412056161&sr=1-1&keywords=1122703015
650 #0 - SUBJECT ADDED ENTRY--TOPICAL TERM
Topical term or geographic name entry element Overhead electric lines.
General subdivision EE
906 ## - LOCAL DATA ELEMENT F, LDF (RLIN)
a 7
b cbc
c oclcrpl
d u
e ncip
f 19
g y-gencatlg
942 ## - ADDED ENTRY ELEMENTS (KOHA)
Source of classification or shelving scheme
Koha item type Book
Holdings
Withdrawn status Lost status Source of classification or shelving scheme Damaged status Not for loan Permanent Location Current Location Shelving location Date acquired Total Checkouts Full call number Barcode Date last seen Price effective from Koha item type
          Pakistan Navy Engineering College (PNEC) Pakistan Navy Engineering College (PNEC) Reference     621.3 KUR PNECLIB-004239 09/30/2014 09/30/2014 Book
© 2023 Central Library, National University of Sciences and Technology. All Rights Reserved.